Normal view
MARC view
Entry Personal Name
001 - CONTROL NUMBER
- control field: 3851
003 - CONTROL NUMBER IDENTIFIER
- control field: ARRUPE
005 - DATE AND TIME OF LATEST TRANSACTION
- control field: 20131126121451.0
008 - FIXED-LENGTH DATA ELEMENTS
- fixed length control field: 131126|| aca||aabn | a|a d
040 ## - CATALOGING SOURCE
- Original cataloging agency: ARRUPE
- Transcribing agency: ARRUPE
100 ## - HEADING--PERSONAL NAME
- Personal name: Ebelebe, Charles A.
- Fuller form of name: (Charles Achunike)
670 ## - SOURCE DATA FOUND
- Source citation: Work cat.: (ARRUPE)0: Ebelebe, Charles A. (Charles Achunike), Africa and the new face of mission :, 2009.